| 000 | 00473nam a2200145Ia 4500 | ||
|---|---|---|---|
| 008 | 231129s2005||||xx |||||||||||||| ||spa|| | ||
| 020 | _a958-8226-62-7 | ||
| 040 | _bspa | ||
| 082 | _a808 V297r | ||
| 100 | _aVargas Guillén Germán | ||
| 245 | 0 | _aRetórica poética y formación de las pasiones al entimema | |
| 260 | _c2005 | ||
| 264 | _aUniversidad Pedagógica Nacional; Medellín: Universidad de Antioquia | ||
| 942 |
_2ddc _cBKS |
||
| 999 |
_c24054 _d24054 |
||